000 00695nam a2200217 a 4500
999 _c3282
_d3282
001 3282
003 BD-JhCC
005 20171112172033.0
008 171112s19701976bg |||| ||a| 000 0 ben d
035 _a(BD-JhCC)3282
040 _aBD-JhCC
_dBD-JhCC
041 _aben
082 _a891.4435
_bRAH 1976
100 _aরহমান, হাসান হাফিজুর
245 _aআরো দুটি মৃত্যু /
_cহাসান হাফিজুর রহমান,
260 _aঢাকা :
_bমুক্তধারা প্রকাশনী,
_c1976
300 _a124 p. :
_c22 cm.
650 _aCollection of Short Stories
942 _2ddc
_cBK